| 000 | 06513namaa22004091i 4500 | ||
|---|---|---|---|
| 003 | OSt | ||
| 005 | 20260409114821.0 | ||
| 008 | 250827s2025 ua a|||frm||| 000 0 eng d | ||
| 040 |
_aEG-GICUC _bara _cEG-GICUC _dEG-GICUC _erda |
||
| 041 | 0 |
_aara _bara _beng |
|
| 049 | _aإيداع | ||
| 082 | 0 | 4 | _a495.68 |
| 092 |
_a495.68 _221 |
||
| 097 | _aمــــاجستير | ||
| 099 | _aCai01.02.15.M.A.2025.أح.إ | ||
| 100 | 0 |
_a،أحمد عبده فراج الهادي فايد _eإعداد. |
|
| 245 | 1 | 0 |
_aإشكالية استخدام صيغ الشرط في اللغة اليابانية المعاصرة لدارسي اللغة اليابانية من المصريين / _cإعداد أحمد عبده فراج الهادي فايد؛ إشراف أ.د/عادل أمين صالح. |
| 246 | 1 | 5 | _aThe issues of using the conditional formulas in modern japanese by the egyptian learners of japanese language / |
| 264 | 0 | _c2025. | |
| 300 |
_a196 + 53 صفحة : _bصفحات باللغة العربية ؛ _c30 سم. + _eCD. |
||
| 336 |
_atext _2rda content |
||
| 337 |
_aUnmediated _2rdamedia |
||
| 338 |
_avolume _2rdacarrier |
||
| 502 | _aأطروحة (ماجستير)-جامعة القاهرة، 2025. | ||
| 504 | _aببليوجرافيا: صفحات195-196 53 وصفحة مراجع عربي. | ||
| 520 | _aتهدف هذه الدراسة إلى توضيح طريقة استخدام صيغ الشرط في اللغة اليابانية المعاصرة، وتحديدا أداتي الشرط "ba" و"to" لدارسي اللغة اليابانية من الطلاب المصريين. تعتبر الصيغ الشرطية من أصعب الأجزاء النحوية التي يواجهها دارسو اللغة اليابانية. وتكمن أهمية هذه الدراسة في النقاط الثلاثة التالية:أولا: عدم وجود أبحاث حول الصيغ الشرطية تركز بشكل خاص على متعلمي اللغة اليابانية المصريين: في حين أن هناك العديد من الدراسات حول الصيغ الشرطية التي تستهدف متعلمي اللغة اليابانية بشكل عام، لم تركز أي أبحاث على المتعلمين المصريين. وبما أن المتعلمين المصريين قد يظهرون ميولًا مختلفة للخطأ بسبب تأثير لغتهم الأم العربية، فمن الضروري إجراء أبحاث خاصة بالمتعلمين المصريين.ثانيا: توضيح طريقة استخدام الصيغ الشرطية "ba"و"to" بين المتعلمين المصريين: للتحقق من طريقة استخدام الصيغ الشرطية من قبل المتعلمين المصريين، تم إجراء استبيان على 30 طالبًا جامعيًا في أقسام اللغة اليابانية بجامعة القاهرة، وجامعة عين شمس. أظهرت النتائج أن العديد من المتعلمين يجدون صعوبة في التمييز بين "ba" و"to". ستقوم هذه الدراسة بعرض نتائج الاستبيان، إضافة إلى ذلك قد قام الباحث بتوضيح الأسباب الرئيسية التي يحدث بسببها الاستخدام الخاطيء لأداتي الشرط "ba" و"to" عند دراسي اللغة اليابانية من الطلاب المصريين.ثالثا: توضيح دلالات أداتي الشرط با"ba" وتو"to" ، وبعد ذلك التركيز على أوجه التشابه والاختلاف بين "ba" و"to"،غالبًا يتم التركيز على الاختلافات بين "ba" و"to"، مما يؤدي إلى التغاضي عن أوجه التشابه بينهما. من خلال المقارنة الدقيقة بين استخدامات صيغتي الشرط "ba" و"to"، فقد تهدف هذه الدراسة إلى المساهمة في إنشاء طرق تدريس أكثر فعالية للتعبيرات الشرطية. تقوم هذه الدراسة على المنهج التحليلي. قد قام الباحث بتقديم لمحة عامة عن تاريخ البحث في أساليب التعبير عن الشرط. بعد ذلك تم استخدام "المجموعة المتوازنة من اللغة اليابانية المعاصرة المكتوبة " (BCCWJ) لجمع وتحليل عدد كبير من الأمثلة التي تحتوي على "ba" و"to"، وتصنيفها، وقام الباحث بتحليل تلك الأمثلة، وذلك لتوضيح معاني واستخدامات أداتي الشرط"ba" و"to". | ||
| 520 | _aThis study aims to investigate the usages of Japanese conditional expressions, particularly "ba" and "to," among Egyptian learners of the Japanese language. Conditional expressions are considered one of the most difficult grammar items for Japanese language learners to acquire, and it has been reported that Egyptian learners, in particular, often face difficulties in distinguishing between "ba" and "to Japanese conditional expressions have four forms: "to," "ba," "tara," and "nara," each with various usages. These conditional expressions sometimes have synonymous usages, making it challenging for learners to distinguish between them and often leading to misuse. In fact, inappropriate use of conditional expressions is frequently observed in the compositions and conversations of Egyptian Japanese language learners. This thesis consists of five chapters: an introduction, three main chapters, and a conclusion. The introduction will present the research background, objectives, an overview of previous studies, and the research methodology. | ||
| 530 | _aصدر أيضًا كقرص مدمج. | ||
| 546 | _aالنص بالعربية والملخص باللغة الإنجليزية والعربية. | ||
| 650 | 7 |
_aاللغة اليابانية ومتحدثون باللغة العربية _2qrmak |
|
| 653 | 0 |
_aأساليب التعبير عن الشرط في اللغة اليابانية _aأداة الشرط (با) _aأداة الشرط (تو) |
|
| 700 | 0 |
_aعادل أمين صالح _eمشرف أطروحة. |
|
| 900 |
_b09-03-2025 _cعادل أمين صالح _dعاطف السيد بهجات _dلينا عبد الحميد _Uجامعة القاهرة _Fكلية الآداب _Dقسم اللغة اليابانية |
||
| 905 | _aSara | ||
| 942 |
_2ddc _cTH _e21 _n0 |
||
| 999 | _c179122 | ||